Catàleg de films disponibles parlats o retolats en català : 1982 / Joaquim Romaguera i Ramió 1982 / Joaquim Romaguera i Ramió
Descripción Física:
497 p. . il. ; 24 cm
Colección:
Guia cultural de Catalunya ; 2
MARC
| LEADER | 00000nam a2200000Ia 4500 | ||
|---|---|---|---|
| 001 | 1422 | ||
| 008 | 160829s1983 xx 000 0 cat d | ||
| 080 | |a B-1-272 | ||
| 100 | |a Romaguera i Ramió, Joaquim |9 25575 | ||
| 245 | |a Catàleg de films disponibles parlats o retolats en català : |b 1982 / Joaquim Romaguera i Ramió | ||
| 250 | |a 3a ed. | ||
| 260 | |a Barcelona : |b Departament de Cultura de la Generalitat de Catalunya, |c 1983 | ||
| 300 | |a 497 p. . il. ; |c 24 cm | ||
| 490 | |a Guia cultural de Catalunya ; 2 | ||
| 590 | |a A la part superior de la portada: Direcció General de Música, Teatre i Cinematografia. Servei de Cinematografia. | ||
| 650 | |a Cinematografia |x Catalunya |x Catàlegs |9 37975 | ||
| 650 | |a Cinematografia estrangera |x Catalunya |x Catàlegs |9 37976 | ||
| 710 | 2 | |a Catalunya. |b Departament de Cultura |9 52819 | |
| 901 | |a Arxiu | ||
| 942 | |n 1 | ||
| 952 | |0 0 |1 0 |4 0 |6 B1272 |7 1 |9 48179 |a Arxiu |b Arxiu |d 2016-12-01 |l 0 |o B-1-272 |p 1422 |r 2016-12-01 00:00:00 |w 2016-12-01 |y ARXIU | ||
| 999 | |c 51985 |d 51985 | ||